00450nam a2200133Ia 4500008004100000024005600041082001700097100007300114245002600187260002600213600002700239650003300266999001700299260210s9999 xx 000 0 und d a15B-17-EL, 15B-38-EL, 15B-41-EL & 15B-90-EL a629.8072 SYE aSyed Ather Rizvi, Urooj Hanif, Sabih-ur-Rehman & Sharoon Johnson 0aIoT Based PLC Trainer aKarachi:bUITU,c2015 aElectronic Engineering aBachelor of Engineering (BE) c33240d33240